| 000 | 00357nam a22001457a 4500 | ||
|---|---|---|---|
| 999 |
_c2358 _d2358 |
||
| 008 | 200226b ||||| |||| 00| 0 eng d | ||
| 082 | 0 | 0 |
_a660.28 _bJ124 |
| 100 |
_91937 _aJackson, J. |
||
| 245 | 1 | 0 |
_aCooling towers _cby J. Jackson |
| 260 |
_aLondon _bButterworths _c1951 |
||
| 300 | _axii,104 p. | ||
| 365 | _d15.12 | ||
| 650 | 0 | _aCooling Towers | |
| 942 | _cBK | ||